[Event "Solingen Karneval op"]
[Site "Solingen"]
[Date "2012.02.18"]
[Round "3"]
[White "Seeger, Simon"]
[Black "Der, Josef"]
[Result "0-1"]
[WhiteElo "1371"]
[BlackElo "1798"]
[PlyCount "68"]
[EventDate "2012.02.17"]
[EventType "swiss"]
[EventRounds "5"]
[EventCountry "GER"]
[SourceTitle "EXT 2015"]
[Source "ChessBase"]
[SourceDate "2014.11.20"]
[SourceVersion "1"]
[SourceVersionDate "2014.11.20"]
[SourceQuality "1"]

1. Nf3 Nf6 2. d4 d5 3. c4 e6 4. Nc3 c5 5. e3 Nc6 6. a3 a5 7. Ne5 Bd6 8. Nxc6 bxc6 9. dxc5 Bxc5 10. cxd5 exd5 11. Bd3 0-0 12. 0-0 Bd6 13. Qc2 Bb7 14. Ne2 c5 15. Bf5 Qc7 16. Ng3 g6 17. Bd3 Qc6 18. f3 Bxg3 19. hxg3 Rfc8 20. Bd2 Qd6 21. Be1 Qb6 22. Bf2 Qc6 23. Rac1 c4 24. Be2 Qd6 25. Rfd1 Qe6 26. Rd4 Ra6 27. Qd2 Nd7 28. b3 Nc5 29. Bxc4 dxc4 30. Rdxc4 Rac6 31. Qb2 Nd3 32. Qd2 Nxc1 33. Qxc1 Rxc4 34. bxc4 Qxc4 0-1